000 00727nam a22002057a 4500
999 _c19682
_d19682
003 AR-CdUCM
008 190520b ||||| |||| 00| 0 spa d
040 _aMUNICIPALIDAD PROVINCIAL DEL CUSCO
_cBIBLIOTECA MUNICIPAL DEL CUSCO
082 _a160 /
_bG26
100 _aGarcia Tuduri, Rosaura
_940322
245 _aLógica /
260 _aNew York :
_bMinerva books,
_c1966.
300 _a206 páginas ;
_c23 cm.
505 _aContenido : Concepto de la Lógica -- Antecedentes históricos de la lógica moderna -- Diferentes concepciones de la lógica...
650 _aObjeto de la lógica
_941170
650 _aTeoría del conocimiento
_914467
650 _aPrincipios lógicos
_941171
942 _2ddc
_cLIBROS
945 _arc